|
|
|
|
| LEADER |
00867nam a2200265 4500 |
| 001 |
DLU130148196 |
| 005 |
##20130530 |
| 040 |
# |
# |
|a DLU
|b vie
|
| 041 |
# |
# |
|a vie
|
| 044 |
# |
# |
|a vn
|
| 100 |
# |
# |
|a Nguyễn Thị Thư,
|c ThS.
|
| 245 |
# |
# |
|a Đặc điểm của quan hệ tiêu dùng và pháp luật bảo vệ quyền lợi người tiêu dùng /
|c Nguyễn Thị Thư.
|
| 653 |
# |
# |
|a Bộ luật dân sự
|
| 653 |
# |
# |
|a Luật bảo vệ người tiêu dùng
|
| 653 |
# |
# |
|a Người tiêu dùng
|
| 773 |
# |
# |
|t Tạp chí Nhà nước và pháp luật
|g Số 10(294), 2012, tr. 86-90
|
| 920 |
# |
# |
|a Phòng Tạp chí -- Trung tâm Thông tin - Thư viện Trường Đại học Đà Lạt
|
| 994 |
# |
# |
|a DLU
|
| 900 |
# |
# |
|a True
|
| 911 |
# |
# |
|a Nguyễn Thị Linh Chi
|
| 925 |
# |
# |
|a G
|
| 926 |
# |
# |
|a A
|
| 927 |
# |
# |
|a BB
|
| 980 |
# |
# |
|a Thư viện Trường Đại học Đà Lạt
|